00841nam a2200145 4500082001600000100003800016245004300054250001100097260003500108300001800143505036300161942001200524999001900536952014000555 a621.381,FLO 6Thomas L. FloyddR.P.Jain9101458 aDigital Fundamentals / Thomas L. Floyd a8th ed 6IndiaaPearson Educationb2005 axiii : 579 p. aIntroductory Digital Concepts (Page-1), Number Systems, Operations and Codes (Page-16), Boolean Algebra and Logic Simplification (Page-118), Combinatiomal Logic (Page-172), Flip Flops (Page-266), Counters (Page-304), Shift Registers (Page-354), Memory and Storage (Page-390), Integrated Circuit Technologies (Page-452), Programmable Logic Devices (Page-502). 2ddccBK c592047d592047 00102ddc4070aMCSbMCScGENd2022-10-26l2o621.381,FLOpMCS32377r2024-04-30s2024-04-15w2022-10-26yBKzAlmirah No.28, Shelf No.5